| 000 | 00674nam a22001695i 4500 | ||
|---|---|---|---|
| 001 | 157166 | ||
| 003 | ES-MaACL | ||
| 005 | 20230906210614.0 | ||
| 008 | 940202s1880 sp |||| | spa d | ||
| 040 |
_aCARM _bspa |
||
| 100 | 1 |
_aLasagabaster, Nemesio. _9128713 |
|
| 245 | 1 | 0 |
_aDefensa de la religion contra los libre-pensadores y exposicion de la doctrina católica _b: en forma didáctico-oratoria / _cpor Nemesio Lasagabaster. |
| 260 |
_aMadrid : _b[s.n.], _c1880 ( _fimprenta de D. Antonio Perez Dubrull) |
||
| 300 |
_av. ; _c20 cm. |
||
| 597 | 1 | _aT.I (270 p.) | |
| 852 |
_aES-MaACL _jT-793-F-1 _z-- Enc. hol., conservando la enc. original _z-- Enc. en un vol. facticio |
||
| 999 |
_c157166 _d157166 |
||